000 00704nam a2200229 a 4500
001 000045323
003 DO-SdBNP
005 20220822112902.0
007 ta
008 150303s20uu dr 000 0 spa d
040 _aDO-SdBNP
_bspa
_cBNPHU
082 4 _aRD861.44
_bP744c
_222
100 1 _aGonzález, Eugenio
_973345
245 1 0 _aPoemas y canciones cristianas /
_cEugenio González.
260 _a[Santo Domingo :
_bs. n.,
_cs.f.].
500 _aLa biblioteca posee 3 ejemplares autografiado por el autor
590 _aInventariado, 2022/MFF
650 4 _aPoesía dominicana
650 4 _aCanciones cristianas
_zRepública Dominicana
_982193
910 _aValidado, 2022/MFF
942 _2ddc
_cLBS1
999 _c44812
_d44812